000
00196nam a22000857a 4500
003
SGT
245
_a
GEAR TECHNOLOGY (JAN-OCT)
260
_a
NEW DELHI
_b
RANDALL PUBLICATIONS LLC
_c
2011
942
_2
ddc
_c
BV
999
_c
16907
_d
16907